000 00314nam a2200109Ia 4500
008 220204s9999 xx 000 0 und d
082 _aNR:0161978
_bRRM
245 0 _aPublications of the Rubber Research Institute of Malaysia for 1978
260 _aKuala Lumpur
_bRRIM
_c1979
505 _aRI for ringitt
942 _cBK
999 _c34287
_d34287